Detalles MARC
| 000 -LÍDER |
| Campo fijo de descripción fija |
03258nam a22004094i 4500 |
| 001 - NÚMERO DE CONTROL |
| Campo de control |
15463553 |
| 003 - IDENTIFICADOR DEL NÚMERO DE CONTROL |
| Campo de control |
CO-MdFUSB |
| 005 - FECHA Y HORA DE LA ULTIMA TRANSACCIÓN |
| control field |
20231030084335.0 |
| 008 - ELEMENTOS DE LONGITUD FIJA -- INFORMACIÓN GENERAL |
| Campo fijo de descripción fija -- Información general |
080924s2009 enka g b 001 0 eng |
| 010 ## - NÚMERO DE CONTROL DE LA BIBLIOTECA DEL CONGRESO |
| Número de control LC |
2008042108 |
| 020 ## - NÚMERO INTERNACIONAL NORMALIZADO PARA LIBROS |
| Número Internacional Normalizado del libro |
9780199557028 |
| 020 ## - NÚMERO INTERNACIONAL NORMALIZADO PARA LIBROS |
| Número Internacional Normalizado del libro |
0199557020 |
| 040 ## - FUENTE DE CATALOGACIÓN |
| Agencia de catalogación original |
DLC |
| Agencia que realiza la transcripción |
CO-MdFUSB |
| Agencia que realiza la modificación |
CO-MdFUSB |
| -- |
BAKER |
| -- |
YDXCP |
| -- |
BWKUK |
| -- |
BWK |
| -- |
CDX |
| -- |
DLC |
| Idioma de catalogación |
spa |
| Convenciones de la descripción |
rda |
| 041 ## - CÓDIGO DE IDIOMA |
| Código de idioma para texto/pista de sonido o título separado |
eng |
| 082 00 - NÚMERO DE CLASIFICACIÓN DECIMAL DEWEY |
| Número de la edición del Dewey |
24 |
| Número de clasificación |
G 200 |
| Clave de autor-Numero de item |
B431b |
| 242 13 - TRADUCCIÓN DEL TÍTULO POR AGENCIA CATALOGADORA |
| Título |
El primate creyente |
| Parte restante del título - Subtítulo |
: reflexiones científicas, filosóficas y teológicas sobre el origen de la religión |
| Idioma del título original |
Inglés |
| 245 14 - TÍTULO |
| Título del Material |
The believing primate |
| Parte restante del título - Subtitulo |
: scientific, philosophical, and theological reflections on the origin of religion |
| Mención de responsabilidad, etc. |
/ editado por Jeffrey Schloss y Michael J. Murray |
| 264 #1 - PRODUCCIÓN, PUBLICACIÓN, DISTRIBUCIÓN, MANUFACTURA, Y COPYRIGHT |
| Lugar de producción, publicación, distribución, manufactura |
Oxford : |
| Nombre del productor, publicador, distribuidor |
Oxford University Press, |
| Fecha de producción, publicación, distribución, manufactura, o copyright |
℗2009 |
| 264 #4 - PRODUCCIÓN, PUBLICACIÓN, DISTRIBUCIÓN, MANUFACTURA, Y COPYRIGHT |
| Fecha de producción, publicación, distribución, manufactura, o copyright |
©2009 |
| 300 ## - DESCRIPCIÓN FÍSICA |
| Extensión |
xii, 365 páginas : |
| Otros detalles físicos |
ilustraciones ; |
| Dimensiones |
24 cm. |
| 336 ## - TIPO DE CONTENIDO |
| Fuente |
rdacontent |
| Término de tipo de contenido |
texto |
| Código de tipo de contenido |
txt |
| 337 ## - TIPO DE MEDIO |
| Fuente |
rdamedia |
| Nombre del tipo de medio |
sin mediación |
| Código del tipo de medio |
n |
| 338 ## - TIPO DE SOPORTE |
| Fuente |
rdacarrier |
| Nombre del tipo de soporte |
volumen |
| Código Tipo de soporte |
nc |
| 501 ## - NOTA DE “CON” |
| Nota de Contenido |
Incluye índices (p. 363- 365) |
| 504 ## - NOTA DE BIBLIOGRAFÍA, ETC. |
| Nota de bibliografía, etc |
Bibliografía (p. 339- 362) |
| 505 #0 - NOTA DE CONTENIDO |
| Nota de contenido con formato preestablecido |
Las teorías evolutivas de la religión: la ciencia sin restricciones o el naturalismo se vuelve salvaje? / Jeffrey Schloss -- La mano de Dios, la mente del hombre: castigo y cognición en la evolución de la cooperación / Dominic Johnson y Jesse Bering -- Religiosidad como viaje mental en el tiempo: adaptaciones cognitivas para el comportamiento religioso / Joseph Bulbulia -- Ciencia cognitiva, religión , y teología / Justin Barrett - ¿La religión es adaptativa? Sí, no, neutral Pero sobre todo no sabemos / Peter J. Richardson y Lesley Newson -- La creencia religiosa como un accidente evolutivo / Paul Bloom -- Explicando la creencia en lo sobrenatural: algunas reflexiones sobre Paul Blooms "La creencia religiosa como un accidente evolutivo" / Peter van Inwagen -- Juego de científicos / Alvin Plantinga -- Explicaciones científicas de la religión y la justificación de la creencia religiosa / Michael J. Murray -- Relatos evolutivos de la religión: explicando y explicando lejos / Michael J. Murray y Andrew Goldberg - Explicando la experiencia religiosa / Charles Taliaferro -- La humanidad en sus corazones: donde se fusionan la ciencia y la religión / Del Ratzsch -- Teología y evolución: ¿cuánto puede explicar la biología? / John Haught -- La ciencia cognitiva y la evolución de la religión: una evaluación filosófica y teológica / Nancey Murphy -- Psicología moral y la incomprensión de la religión / Jonathan Haidt -- ¿El naturalismo justifica una creencia moral en la benevolencia universal y los derechos humanos? / Christian Smith -- El constructivismo social evolutivo: estrechando (pero sin cerrar) la brecha / David Sloan Wilson |
| 650 #0 - ASIENTO SECUNDARIO DE MATERIA - TERMINO TEMÁTICO |
| Término temático o nombre geográfico como elemento de entrada |
Religión |
| Subdivisión general |
Filosofía |
| 9 (RLIN) |
1052 |
| 700 1# - ASIENTO SECUNDARIO - NOMBRE PERSONAL |
| Nombre personal |
Murray, Michael J. |
| Responsabilidad |
editor |
| 700 1# - ASIENTO SECUNDARIO - NOMBRE PERSONAL |
| Nombre personal |
Schloss, Jeffrey. |
| Responsabilidad |
editor |
| 906 ## - LOCAL DATA ELEMENT F, LDF (RLIN) |
| a |
7 |
| b |
cbc |
| c |
orignew |
| d |
1 |
| e |
ecip |
| f |
20 |
| g |
y-gencatlg |
| 942 ## - TIPO DE MATERIAL (KOHA) |
| Tipo de Item KOHA |
Libros General |
| 945 ## - INFORMACIÓN LOCAL DEL REGISTRO |
| Catalogador |
JTF-925 |